01241nam a22001817a 4500999001500000020002900015050002000044100001800064245018000082260007800262300004200340505042500382650004400807650005600851650003100907942000700938952011400945 c7673d7673 a9789988844318 998884431X aBX8322.G4b.F65 aRichard Foli  aWesleyan heritage in Ghana : as portrayed by the addresses of Ghanaian heads of the Methodist Church Ghana to representatives sessions of conference 1962-2008 cRichard Foli  aGhana : bThe Methodist University College Ghana, Trust Publishers,c2008 axv, 532 pages : bportraits ; c20 cm a 1. Rev'd Dr. Francis C.F. Grant -- 2. The Rev Thomas Wallace Koomson -- 3. The Rev Charlses K. Yamoah -- 4. The Rev Charles Awotwi Pratt -- 5. The Rev Samuel Benyarku Essamuah -- 6. The Most Rev'd Jocob Stanley Adamah Stephens -- 7. Professor emeritus Most Rev Kwesi Abotsia Dickson -- 8. Most Reverend Dr. Samuel Asante Antwi -- 9. Most Reverend Dr. Robert Aboagye-Mensah -- 10. The Rt. Rev. Prof. Emmanuel K. Asante. a Methodist Church Ghana -- History.  a Methodist Church Ghana -- Bishops -- Biography.  a Methodist Church Ghana.  cBK 001040708REFaMUCGMbMUCGMcGENd2010-06-04l0oBX8322.G4 .F65p33521r2021-06-04 00:00:00w2021-06-04yBK